[Event "TCh-RUS Women 2016"]
[Site "Sochi RUS"]
[Date "2016.05.01"]
[Round "1.1"]
[Board "1"]
[White "Shuvalova, Polina"]
[Black "Ubiennykh, Ekaterina"]
[Result "0-1"]
[WhiteTitle "WFM"]
[BlackTitle "WIM"]
[WhiteElo "2320"]
[BlackElo "2307"]
[WhiteTeam "SSHOR Youth of Moscow Moscow"]
[BlackTeam "Boavista Moscow"]
[WhiteFideId "24171760"]
[BlackFideId "4137582"]
[EventDate "2016.05.01"]

1. e4 c6 2. d4 d5 3. Nc3 dxe4 4. Nxe4 Bf5 5. Ng3 Bg6 6. Nh3 e6 7. Nf4 Bd6 8. h4
Nf6 9. h5 Bf5 10. Nxf5 exf5 11. Be2 O-O 12. O-O Nbd7 13. Bf3 Qc7 14. g3 Ne4 15.
c4 Ndf6 16. c5 Be7 17. Qc2 Rad8 18. Be3 Rfe8 19. Rad1 Bf8 20. Bc1 g5 21. hxg6
hxg6 22. Nh3 Nd5 23. Rfe1 Qc8 24. Kg2 b6 25. cxb6 axb6 26. Bxe4 Nb4 27. Qb1 fxe4
28. Rxe4 Qf5 29. f3 Rxe4 30. fxe4 Qh5 31. Bg5 Re8 32. a3 Qe2+ 33. Nf2 Nc2 34.
Kg1 Bg7 35. e5 c5 36. Bf4 Nxd4 37. Qe4 Qxb2 38. Rb1 Qxa3 39. Rxb6 g5 40. Bxg5
Qxg3+ 0-1

[Event "TCh-RUS Women 2016"]
[Site "Sochi RUS"]
[Date "2016.05.01"]
[Round "1.1"]
[Board "2"]
[White "Tomilova, Elena"]
[Black "Ivanova, Karina"]
[Result "1-0"]
[WhiteTitle "WIM"]
[BlackTitle "WFM"]
[WhiteElo "2305"]
[BlackElo "2133"]
[WhiteTeam "Boavista Moscow"]
[BlackTeam "SSHOR Youth of Moscow Moscow"]
[WhiteFideId "4162340"]
[BlackFideId "24139750"]
[EventDate "2016.05.01"]

1. e4 c6 2. d3 d5 3. Nd2 e5 4. Ngf3 Bd6 5. d4 exd4 6. exd5 c5 7. Bb5+ Bd7 8.
Bxd7+ Nxd7 9. O-O Ne7 10. c4 O-O 11. Ne4 Qc7 12. Re1 Ng6 13. b4 b6 14. bxc5 bxc5
15. Ba3 Qa5 16. Nxd6 Qxa3 17. Qd2 Rab8 18. h4 Qa6 19. Nb5 Nb6 20. a4 Nxc4 21.
Qc1 Na5 22. h5 Nb3 23. Qd1 Rxb5 24. axb5 Qxb5 25. Rb1 1-0

[Event "TCh-RUS Women 2016"]
[Site "Sochi RUS"]
[Date "2016.05.01"]
[Round "1.1"]
[Board "3"]
[White "Borisova, Ekaterina"]
[Black "Drozdova, Dina"]
[Result "0-1"]
[BlackTitle "WIM"]
[WhiteElo "2058"]
[BlackElo "2235"]
[WhiteTeam "SSHOR Youth of Moscow Moscow"]
[BlackTeam "Boavista Moscow"]
[WhiteFideId "34124184"]
[BlackFideId "4170695"]
[EventDate "2016.05.01"]

1. e4 d6 2. d4 Nf6 3. Nc3 e5 4. Nf3 Nbd7 5. Bc4 Be7 6. O-O O-O 7. h3 c6 8. a4 a5
9. Be3 h6 10. Qe2 Re8 11. Rad1 Qc7 12. Rfe1 Nf8 13. dxe5 dxe5 14. Nh4 Bb4 15.
Qf3 Qe7 16. Rd3 Bc5 17. Bc1 Kh8 18. Ne2 Ng6 19. Nxg6+ fxg6 20. Be3 Rf8 21. Red1
Nxe4 22. Qxe4 Bf5 23. Rd7 Bxe4 24. Rxe7 Bxe7 25. Rd7 Bf6 26. c3 Rab8 27. Ba7 Bf5
28. Rc7 Ra8 29. Bc5 Rfb8 30. g4 Bc2 31. b3 b5 32. axb5 cxb5 33. Bd5 Rc8 34. Rf7
Rxc5 35. Bxa8 Bxb3 36. Ra7 a4 37. Be4 Kh7 38. Ng3 Bd8 39. Rd7 a3 40. Rxd8 a2 41.
h4 a1=Q+ 42. Kh2 Rc4 43. Bd5 Rxc3 44. Be4 Qe1 0-1

[Event "TCh-RUS Women 2016"]
[Site "Sochi RUS"]
[Date "2016.05.01"]
[Round "1.1"]
[Board "4"]
[White "Vasilevich, Irina"]
[Black "Yurovskikh, Yasmin"]
[Result "1/2-1/2"]
[WhiteTitle "IM"]
[WhiteElo "2286"]
[BlackElo "1892"]
[WhiteTeam "Boavista Moscow"]
[BlackTeam "SSHOR Youth of Moscow Moscow"]
[WhiteFideId "4141296"]
[BlackFideId "44131941"]
[EventDate "2016.05.01"]

1. c4 e5 2. g3 d6 3. Bg2 f5 4. Nc3 Nf6 5. d3 Be7 6. Nf3 O-O 7. O-O Qe8 8. Nd5
Bd8 9. Bd2 Nbd7 10. Rc1 Qh5 11. b4 c6 12. Nxf6+ Bxf6 13. Bc3 f4 14. Nd2 fxg3 15.
hxg3 Bg5 16. e3 Qh6 17. Ne4 Nf6 18. Nxg5 Qxg5 19. Qd2 Ng4 20. f4 Qh6 21. Bf3 Qh3
22. Bxg4 Qxg3+ 23. Qg2 Qxg2+ 24. Kxg2 Bxg4 25. fxe5 dxe5 26. Rxf8+ Rxf8 27. Bxe5
Be2 28. Rc3 g5 29. b5 h5 30. Ra3 cxb5 31. cxb5 Rf5 32. Bd4 Rxb5 33. Rc3 Kf7 34.
Kf2 Bg4 35. Rc7+ Ke6 36. e4 Ra5 37. Rc2 h4 38. Ke3 h3 39. Kf2 Bh5 40. Kg3 g4 41.
Kh4 Kd7 42. Bg1 Bf7 43. Kxg4 Rxa2 44. Rxa2 Bxa2 45. Kxh3 a6 1/2-1/2

[Event "TCh-RUS Women 2016"]
[Site "Sochi RUS"]
[Date "2016.05.01"]
[Round "1.2"]
[Board "2"]
[White "Trapeznikova, Darya"]
[Black "Pogonina, Natalija"]
[Result "0-1"]
[WhiteTitle "WFM"]
[BlackTitle "WGM"]
[WhiteElo "2085"]
[BlackElo "2490"]
[WhiteTeam "Bukavushki Tolyatti"]
[BlackTeam "Yugra Khanty-Ugra"]
[WhiteFideId "24121118"]
[BlackFideId "4147855"]
[EventDate "2016.05.01"]

1. d4 Nf6 2. c4 e6 3. Nc3 Bb4 4. e3 O-O 5. Ne2 Re8 6. a3 Bf8 7. Ng3 d5 8. Be2 b6
9. cxd5 exd5 10. b4 Bb7 11. O-O Nbd7 12. Rb1 c6 13. a4 a5 14. b5 c5 15. Ra1 Rc8
16. Bb2 cxd4 17. exd4 Ne4 18. Rc1 Ndf6 19. Bd3 Nd6 20. Ba3 g6 21. Qf3 Bg7 22.
Bxd6 Qxd6 23. h4 Qb4 24. Nge2 Ne4 25. Bxe4 dxe4 26. Qe3 Qf8 27. Rcd1 Bh6 28. Qg3
e3 29. f3 Rxc3 30. Nxc3 e2 31. Nxe2 Rxe2 32. Qc7 Bd5 33. Qxb6 Re6 34. Qc7 Be3+
35. Kh1 Qh6 36. Qd8+ Kg7 37. g3 Qh5 38. Kg2 Rf6 39. Rd3 Rxf3 40. Qxd5 Qxd5 41.
Rxf3 Bxd4 42. Kh3 h5 43. Rb3 Qe6+ 44. Kh2 Qe2+ 45. Kh3 Bg1 0-1

[Event "TCh-RUS Women 2016"]
[Site "Sochi RUS"]
[Date "2016.05.01"]
[Round "1.2"]
[Board "3"]
[White "Mkrtchian, Lilit"]
[Black "Sazonova, Anastasia"]
[Result "1-0"]
[WhiteTitle "IM"]
[BlackTitle "WFM"]
[WhiteElo "2434"]
[BlackElo "2085"]
[WhiteTeam "Yugra Khanty-Ugra"]
[BlackTeam "Bukavushki Tolyatti"]
[WhiteFideId "13300601"]
[BlackFideId "24131008"]
[EventDate "2016.05.01"]

1. d4 e6 2. c4 f5 3. g3 Nf6 4. Bg2 d5 5. Nf3 c6 6. O-O Bd6 7. b3 Qe7 8. Bb2 O-O
9. Ne5 a5 10. Nd2 Ne4 11. Nxe4 fxe4 12. f3 exf3 13. Rxf3 Nd7 14. Rxf8+ Qxf8 15.
Nxd7 Bxd7 16. e4 Qf7 17. Qe2 Re8 18. Rf1 Qg6 19. Bf3 Qg5 20. Bc1 Qd8 21. Qc2 c5
22. e5 Bb8 23. cxd5 cxd4 24. d6 Qb6 25. Be4 d3+ 26. Qf2 Ba7 27. Qxb6 Bxb6+ 28.
Kg2 Bd4 29. Bf4 g5 30. Bxg5 Bxe5 31. Rd1 Rc8 32. Rxd3 Rc2+ 33. Rd2 Rxd2+ 34.
Bxd2 Bxd6 35. Bxb7 Bc7 36. Be4 Kg7 37. g4 h6 38. h3 Bb5 39. Bc3+ Kf7 40. Bd2 Kg7
41. Kf2 Bb6+ 42. Be3 Bc7 43. Bd4+ Kf7 44. Bc3 Bb6+ 45. Kf3 Bd8 46. Bd2 Kg7 47.
h4 e5 48. g5 hxg5 49. Bxg5 Bf6 50. Ke3 Ba6 51. Kd2 Bf1 52. Kc3 Bb5 53. a4 Be8
54. Kc4 Bf7+ 55. Kb5 Bxb3 56. Kxa5 Bc4 57. Kb6 Kf7 58. a5 Bg7 59. a6 Bxa6 60.
Kxa6 Bh8 61. Kb5 Bg7 62. Kc4 Bh8 63. Kd3 Bg7 64. Ke3 Bh8 65. Kf3 Bg7 66. Kg4 Bh8
67. Kf5 Kg7 68. h5 Kh7 69. h6 Bg7 70. hxg7 Kxg7 71. Kxe5 Kf7 72. Bf5 Ke8 73. Ke6
Kf8 74. Bf6 Ke8 75. Bg6+ Kf8 76. Be5 Kg8 77. Kf6 Kf8 78. Bf4 Kg8 79. Bh6 Kh8 80.
Bf5 Kg8 81. Kg6 1-0

[Event "TCh-RUS Women 2016"]
[Site "Sochi RUS"]
[Date "2016.05.01"]
[Round "1.2"]
[Board "4"]
[White "Nasybullina, Alfia"]
[Black "Nechaeva, Marina"]
[Result "0-1"]
[WhiteTitle "WFM"]
[BlackTitle "IM"]
[WhiteElo "2151"]
[BlackElo "2416"]
[WhiteTeam "Bukavushki Tolyatti"]
[BlackTeam "Yugra Khanty-Ugra"]
[WhiteFideId "4132416"]
[BlackFideId "4149351"]
[EventDate "2016.05.01"]

1. d4 d5 2. c4 c6 3. cxd5 cxd5 4. Bf4 Nf6 5. e3 Nc6 6. Nc3 Bg4 7. Qb3 Na5 8.
Qa4+ Bd7 9. Qc2 e6 10. Bd3 Be7 11. Nf3 Nc6 12. a3 Rc8 13. O-O Nh5 14. Be5 f6 15.
Bxh7 fxe5 16. Qg6+ Kf8 17. Qxh5 Be8 18. Qh3 exd4 19. Nxd4 Nxd4 20. exd4 Bf6 21.
Qd3 Qc7 22. h3 Qf7 23. Rae1 Rc6 24. Ne2 g6 25. Bxg6 Qxg6 26. Qe3 Bf7 27. Nf4 Qf5
28. g4 Qg5 29. Rc1 e5 30. dxe5 Qxe5 31. Qf3 Rxc1 32. Rxc1 Kg7 33. Nd3 Qe4 34.
Qg3 Bh4 35. Qe5+ Qxe5 36. Nxe5 Re8 37. f4 Bf6 38. Nxf7 Kxf7 39. Rc7+ Re7 40. Rc2
d4 41. Rd2 Re4 42. g5 Be7 43. Rf2 d3 0-1

[Event "TCh-RUS Women 2016"]
[Site "Sochi RUS"]
[Date "2016.05.01"]
[Round "1.3"]
[Board "1"]
[White "Travkina, Anastasia"]
[Black "Bodnaruk, Anastasia"]
[Result "1/2-1/2"]
[WhiteTitle "WFM"]
[BlackTitle "IM"]
[WhiteElo "2255"]
[BlackElo "2475"]
[WhiteTeam "Donchanka Rostov-on-Don"]
[BlackTeam "SDYUSSHOR SHSH Saint-Petersburg"]
[WhiteFideId "24129151"]
[BlackFideId "4181751"]
[EventDate "2016.05.01"]

1. e4 c5 2. Nf3 d6 3. d4 cxd4 4. Nxd4 Nf6 5. Nc3 a6 6. Bg5 Nbd7 7. f4 Qc7 8. Qf3
h6 9. Bxf6 Nxf6 10. f5 Qc5 11. O-O-O g5 12. fxg6 Bg4 13. gxf7+ Kxf7 14. Qd3 Bxd1
15. Nxd1 Bg7 16. Qb3+ d5 17. Nf5 Nxe4 18. Bd3 Nf6 19. Re1 Bf8 20. Qxb7 Ra7 21.
Qb8 Rc7 22. c3 Rg8 23. g3 e6 24. b4 Qa7 25. Qxa7 Rxa7 26. Nd4 Ne4 27. Rf1+ Nf6
28. Re1 h5 29. Rxe6 h4 30. gxh4 Rg2 31. Re2 Rxe2 32. Bxe2 Ne4 33. Kb2 Bh6 34. a4
Ra8 35. Kb3 Kf6 36. Bd3 Ke5 37. Ne2 a5 38. Bb5 Nd2+ 39. Ka3 axb4+ 40. cxb4 d4
41. Nf2 Kd5 42. a5 Rb8 43. Ka4 Nb1 44. Bd3 Nc3+ 45. Nxc3+ dxc3 46. a6 Rf8 47.
Ne4 Kd4 48. Bc2 1/2-1/2

[Event "TCh-RUS Women 2016"]
[Site "Sochi RUS"]
[Date "2016.05.01"]
[Round "1.3"]
[Board "2"]
[White "Ovod, Evgenija"]
[Black "Maltsevskaya, Aleksandra"]
[Result "0-1"]
[WhiteTitle "IM"]
[WhiteElo "2329"]
[BlackElo "2252"]
[WhiteTeam "SDYUSSHOR SHSH Saint-Petersburg"]
[BlackTeam "Donchanka Rostov-on-Don"]
[WhiteFideId "4131827"]
[BlackFideId "24174041"]
[EventDate "2016.05.01"]

1. d4 g6 2. Nf3 Bg7 3. e4 d6 4. Bd3 Nf6 5. O-O O-O 6. Re1 Nbd7 7. Nbd2 e5 8. c3
Nh5 9. Bf1 b6 10. a4 a5 11. Nc4 Bb7 12. d5 Qe8 13. b4 h6 14. bxa5 bxa5 15. Rb1
Ba6 16. Ba3 f5 17. exf5 gxf5 18. Nd4 Nf4 19. Nb5 Qg6 20. g3 Bxb5 21. Rxb5 e4 22.
Kh1 Nh5 23. Be2 Nhf6 24. h3 Nh7 25. Qd2 Rae8 26. Rxa5 Ng5 27. Kh2 e3 28. Nxe3
Ne4 29. Qc1 f4 30. gxf4 Rxf4 31. Ng4 Rxf2+ 32. Kg1 Be5 33. Qe3 Bh2+ 34. Kh1 Ng3+ 0-1

[Event "TCh-RUS Women 2016"]
[Site "Sochi RUS"]
[Date "2016.05.01"]
[Round "1.3"]
[Board "3"]
[White "Assaubayeva, Bibisara"]
[Black "Belenkaya, Dina"]
[Result "1/2-1/2"]
[WhiteTitle "WFM"]
[BlackTitle "WFM"]
[WhiteElo "2141"]
[BlackElo "2289"]
[WhiteTeam "Donchanka Rostov-on-Don"]
[BlackTeam "SDYUSSHOR SHSH Saint-Petersburg"]
[WhiteFideId "13708694"]
[BlackFideId "24142654"]
[EventDate "2016.05.01"]

1. e4 c6 2. d4 d5 3. Nc3 dxe4 4. Nxe4 Bf5 5. Ng3 Bg6 6. h4 h6 7. Nf3 Nd7 8. h5
Bh7 9. Bd3 Bxd3 10. Qxd3 e6 11. Bd2 Ngf6 12. O-O-O Be7 13. Kb1 Rc8 14. Ne4 c5
15. g4 cxd4 16. Qxd4 Qb6 17. Nxf6+ Bxf6 18. Qxb6 Nxb6 19. Be3 Rc4 20. Bd4 Nd5
21. c3 O-O 22. Rhe1 Bxd4 23. Rxd4 Rfc8 24. Red1 f6 25. Nh4 Kf7 26. Ng6 b5 27. f4
Rxd4 28. Rxd4 Rc4 29. Rd3 Ke8 30. Rf3 Re4 31. g5 Re1+ 32. Kc2 Rh1 33. gxh6 gxh6
34. f5 Rxh5 35. fxe6 Rg5 36. Rd3 h5 37. Kb3 Nb6 38. Nf4 Rf5 39. Rd4 Ke7 40. Kc2
h4 41. b3 h3 42. Nxh3 Nd5 43. c4 bxc4 44. bxc4 Nb4+ 45. Kb3 Nc6 46. Rf4 Rh5 47.
Nf2 Kxe6 48. c5 Rxc5 49. Rxf6+ Ke5 1/2-1/2

[Event "TCh-RUS Women 2016"]
[Site "Sochi RUS"]
[Date "2016.05.01"]
[Round "1.3"]
[Board "4"]
[White "Styazhkina, Anna"]
[Black "Petrova, Olga"]
[Result "0-1"]
[WhiteTitle "WIM"]
[WhiteElo "2302"]
[BlackElo "2163"]
[WhiteTeam "SDYUSSHOR SHSH Saint-Petersburg"]
[BlackTeam "Donchanka Rostov-on-Don"]
[WhiteFideId "24119300"]
[BlackFideId "24117196"]
[EventDate "2016.05.01"]

1. e4 c6 2. d4 d5 3. e5 Bf5 4. Be2 e6 5. Nf3 Ne7 6. O-O Nc8 7. Nbd2 a6 8. c4
dxc4 9. Nxc4 b5 10. Ne3 Be4 11. b3 Nb6 12. Bb2 Be7 13. Rc1 Nd5 14. Nxd5 Bxd5 15.
Bd3 a5 16. Nd2 a4 17. f4 Qb6 18. Ne4 axb3 19. axb3 Ra2 20. Bc3 b4 21. Ba1 Rxa1
22. Rxa1 Qxd4+ 23. Nf2 Qxf4 24. Ng4 Qd4+ 25. Kh1 h5 26. Nf2 Qxe5 27. Re1 Qf4 28.
Ne4 f5 29. Ng3 h4 30. Rf1 Qxg3 31. Qc2 Qe5 32. Rae1 Qc3 33. h3 Qxc2 34. Bxc2 Nd7
35. Ra1 Kf7 36. Ra7 Nc5 37. Re1 g6 38. Re3 Kf6 39. Bd1 Ne4 0-1

[Event "TCh-RUS Women 2016"]
[Site "Sochi RUS"]
[Date "2016.05.01"]
[Round "1.4"]
[Board "1"]
[White "Lagno, Kateryna"]
[Black "Goryachkina, Aleksandra"]
[Result "0-1"]
[WhiteTitle "GM"]
[BlackTitle "WGM"]
[WhiteElo "2529"]
[BlackElo "2485"]
[WhiteTeam "SSM Legacy Square Capital Moscow"]
[BlackTeam "University Belorechensk, Krasnodar"]
[WhiteFideId "14109336"]
[BlackFideId "4147103"]
[EventDate "2016.05.01"]

1. c4 c6 2. e4 d5 3. exd5 cxd5 4. cxd5 Nf6 5. Nc3 Nxd5 6. Nf3 Nc6 7. Bb5 g6 8.
Qa4 Qd6 9. Ne4 Qe6 10. Ng5 Qd7 11. Nc5 Qc7 12. O-O Bg7 13. Bc4 Qd8 14. Nxb7 Bxb7
15. Qb5 O-O 16. Qxb7 Ndb4 17. Qb5 Rb8 18. Qa4 Ne5 19. Be2 Ned3 20. Nf3 e5 21. a3
Nf4 22. Bd1 Nbd3 23. g3 Nc5 24. Qc4 Nfd3 25. Bc2 e4 26. Bxd3 Nxd3 27. Qxe4 Re8
28. Qa4 Qd5 29. Nh4 Nxf2 0-1

[Event "TCh-RUS Women 2016"]
[Site "Sochi RUS"]
[Date "2016.05.01"]
[Round "1.4"]
[Board "2"]
[White "Zhukova, Natalia"]
[Black "Kovalevskaya, Ekaterina"]
[Result "1/2-1/2"]
[WhiteTitle "GM"]
[BlackTitle "IM"]
[WhiteElo "2489"]
[BlackElo "2467"]
[WhiteTeam "University Belorechensk, Krasnodar"]
[BlackTeam "SSM Legacy Square Capital Moscow"]
[WhiteFideId "14101513"]
[BlackFideId "4116704"]
[EventDate "2016.05.01"]

1. c4 c5 2. Nf3 Nf6 3. d4 cxd4 4. Nxd4 a6 5. Nc3 e6 6. e4 Bb4 7. Bd3 Nc6 8. Nc2
Bxc3+ 9. bxc3 O-O 10. O-O Ne5 11. f4 Nxd3 12. Qxd3 d6 13. Ba3 Qb6+ 14. Kh1 Rd8
15. Rad1 Bd7 16. e5 Ng4 17. Qe2 Ba4 18. Rb1 Qc7 19. exd6 Qa5 20. Nd4 Bc6 21.
Nxc6 bxc6 22. Rb3 Qf5 23. c5 Nf6 24. c4 a5 25. Rb6 Rac8 26. Ra6 h5 27. Rxa5 Rxd6
28. cxd6 Qxa5 29. Bb2 Qxa2 30. Ra1 Qb3 31. Bxf6 gxf6 32. Qxh5 Qxc4 33. Qg4+ Kf8
34. Rd1 Rd8 35. h3 Qc5 36. Qh4 Rxd6 37. Rxd6 Qxd6 38. Qxf6 c5 39. f5 Qd1+ 40.
Kh2 Qd6+ 41. Kh1 1/2-1/2

[Event "TCh-RUS Women 2016"]
[Site "Sochi RUS"]
[Date "2016.05.01"]
[Round "1.4"]
[Board "4"]
[White "Stetsko, Lanita"]
[Black "Savina, Anastasia"]
[Result "0-1"]
[WhiteTitle "FM"]
[BlackTitle "IM"]
[WhiteElo "2220"]
[BlackElo "2387"]
[WhiteTeam "University Belorechensk, Krasnodar"]
[BlackTeam "SSM Legacy Square Capital Moscow"]
[WhiteFideId "13505300"]
[BlackFideId "4196872"]
[EventDate "2016.05.01"]

1. e4 c5 2. Nf3 Nc6 3. Bb5 g6 4. Bxc6 dxc6 5. d3 Bg7 6. h3 e5 7. Be3 Qe7 8. Nc3
Nf6 9. Qd2 Nd7 10. Bh6 f6 11. Bxg7 Qxg7 12. a3 Qe7 13. Ne2 Nf8 14. b4 Ne6 15.
O-O O-O 16. Rfb1 Nd4 17. Nfxd4 cxd4 18. c3 dxc3 19. Qxc3 Be6 20. Rd1 Bf7 21. d4
Rfd8 22. dxe5 Qxe5 23. f4 Qxe4 24. Re1 Rd3 25. Qxf6 Bd5 26. Qg5 Re3 27. f5 Re8
28. fxg6 h6 29. Qg4 Qxg4 30. hxg4 Rxe2 0-1

[Event "Team women final 2016"]
[Site "Sochi"]
[Date "2016.05.02"]
[Round "2.1"]
[White "Bodnaruk, Anastasia"]
[Black "Lagno, Kateryna"]
[Result "1/2-1/2"]
[LiveChessVersion "1.4.4"]
[BlackElo "2529"]
[WhiteElo "2475"]
[BlackTeam "Legacy"]
[WhiteTeam "SDUSSHOR"]

1. e4 {[%clk 1:30:58]} e5 {[%clk 1:30:53]} 2. Nf3 {[%clk 1:31:22]} Nc6
{[%clk 1:31:16]} 3. Bb5 {[%clk 1:31:41]} a6 {[%clk 1:31:36]} 4. Ba4
{[%clk 1:32:08]} Nf6 {[%clk 1:31:58]} 5. O-O {[%clk 1:32:28]} b5 {[%clk 1:32:13]}
6. Bb3 {[%clk 1:32:53]} Bc5 {[%clk 1:32:37]} 7. c3 {[%clk 1:32:06]} d6
{[%clk 1:32:55]} 8. d4 {[%clk 1:31:46]} Bb6 {[%clk 1:33:20]} 9. h3
{[%clk 1:31:59]} O-O {[%clk 1:30:27]} 10. Re1 {[%clk 1:28:33]} h6
{[%clk 1:30:14]} 11. Be3 {[%clk 1:27:59]} Re8 {[%clk 1:29:39]} 12. Nbd2
{[%clk 1:26:25]} Bd7 {[%clk 1:27:54]} 13. Bc2 {[%clk 1:17:04]} Qb8
{[%clk 1:25:02]} 14. Nf1 {[%clk 1:01:06]} exd4 {[%clk 0:56:41]} 15. cxd4
{[%clk 1:01:19]} Nb4 {[%clk 0:57:02]} 16. Bb1 {[%clk 1:01:09]} Nxe4
{[%clk 0:54:36]} 17. Bxe4 {[%clk 0:47:28]} Rxe4 {[%clk 0:54:53]} 18. Ng3
{[%clk 0:47:54]} Re6 {[%clk 0:42:45]} 19. d5 {[%clk 0:35:07]} Rxe3
{[%clk 0:42:46]} 20. fxe3 {[%clk 0:35:33]} Qb7 {[%clk 0:42:56]} 21. Qd2
{[%clk 0:34:28]} Nxd5 {[%clk 0:43:04]} 22. Kh2 {[%clk 0:34:25]} Nf6
{[%clk 0:27:23]} 23. e4 {[%clk 0:32:48]} Be6 {[%clk 0:21:17]} 24. Nd4
{[%clk 0:27:10]} Re8 {[%clk 0:21:39]} 25. b3 {[%clk 0:23:02]} Bd7
{[%clk 0:19:45]} 26. Qd3 {[%clk 0:22:23]} h5 {[%clk 0:18:57]} 27. Ndf5
{[%clk 0:17:40]} Re5 {[%clk 0:10:29]} 28. Qf3 {[%clk 0:10:49]} Bxf5
{[%clk 0:06:15]} 29. Nxf5 {[%clk 0:11:11]} Rxe4 {[%clk 0:05:03]} 30. Qg3
{[%clk 0:07:57]} g6 {[%clk 0:04:09]} 31. Qg5 {[%clk 0:03:23]} Qd5
{[%clk 0:00:51]} 32. Nh6+ {[%clk 0:01:29]} Kg7 {[%clk 0:01:20]} 33. Qxd5
{[%clk 0:01:50]} Nxd5 {[%clk 0:01:47]} 34. Rxe4 {[%clk 0:02:16]} Kxh6
{[%clk 0:02:15]} 35. a4 {[%clk 0:00:39]} bxa4 {[%clk 0:02:12]} 36. Rexa4
{[%clk 0:00:46]} a5 {[%clk 0:02:38]} 37. g4 {[%clk 0:00:40]} hxg4
{[%clk 0:02:05]} 38. hxg4 {[%clk 0:00:43]} Nb4 {[%clk 0:01:41]} 39. Rf1
{[%clk 0:01:01]} Kg7 {[%clk 0:01:54]} 40. Kg3 {[%clk 0:30:54]} f6
{[%clk 0:31:50]} 41. Raa1 {[%clk 0:28:41]} Nc2 {[%clk 0:27:32]} 42. Ra2
{[%clk 0:26:50]} Nd4 {[%clk 0:26:50]} 43. Raf2 {[%clk 0:17:04]} f5
{[%clk 0:26:24]} 44. gxf5 {[%clk 0:17:01]} Nxf5+ {[%clk 0:26:35]} 45. Rxf5
{[%clk 0:17:28]} gxf5 {[%clk 0:26:57]} 46. Rxf5 {[%clk 0:17:56]} Kg6
{[%clk 0:19:35]} 47. Kf4 {[%clk 0:17:43]} Be3+ {[%clk 0:18:36]} 48. Ke4
{[%clk 0:17:38]} Bb6 {[%clk 0:18:34]} 49. Rf3 {[%clk 0:16:51]} Kg5
{[%clk 0:16:18]} 50. Rf8 {[%clk 0:16:10]} Kg6 {[%clk 0:15:33]} 51. Kd5
{[%clk 0:16:22]} Kg5 {[%clk 0:15:07]} 52. Ke6 {[%clk 0:12:31]} Kg4
{[%clk 0:14:42]} 53. Rf5 {[%clk 0:11:59]} Bc5 {[%clk 0:14:14]} 54. Rf8
{[%clk 0:10:34]} Bb6 {[%clk 0:14:10]} 1/2-1/2

[Event "Team women final 2016"]
[Site "Sochi"]
[Date "2016.05.02"]
[Round "2.2"]
[White "Kovalevskaya, Ekaterina"]
[Black "Ovod, Evgenija"]
[Result "1/2-1/2"]
[LiveChessVersion "1.4.4"]
[BlackElo "2329"]
[WhiteElo "2467"]
[BlackTeam "SDUSSHOR"]
[WhiteTeam "Legacy"]

1. e4 {[%clk 1:30:56]} e5 {[%clk 1:30:54]} 2. Nf3 {[%clk 1:31:20]} Nc6
{[%clk 1:31:18]} 3. d4 {[%clk 1:31:41]} exd4 {[%clk 1:31:40]} 4. Nxd4
{[%clk 1:32:06]} Bb4+ {[%clk 1:32:00]} 5. c3 {[%clk 1:31:47]} Bc5
{[%clk 1:32:23]} 6. Nxc6 {[%clk 1:30:16]} bxc6 {[%clk 1:32:44]} 7. Bd3
{[%clk 1:30:24]} d6 {[%clk 1:23:49]} 8. O-O {[%clk 1:29:27]} Nf6 {[%clk 1:24:13]}
9. h3 {[%clk 1:25:39]} h6 {[%clk 1:16:03]} 10. Bf4 {[%clk 1:23:21]} O-O
{[%clk 1:15:54]} 11. Nd2 {[%clk 1:23:44]} Re8 {[%clk 1:15:32]} 12. Qf3
{[%clk 1:00:36]} Nd7 {[%clk 1:10:54]} 13. Qg3 {[%clk 0:51:35]} Qf6
{[%clk 1:10:00]} 14. Bc2 {[%clk 0:51:24]} Ne5 {[%clk 1:08:36]} 15. Nb3
{[%clk 0:49:28]} Bb6 {[%clk 1:07:13]} 16. Nd4 {[%clk 0:44:32]} c5
{[%clk 0:56:24]} 17. Nf5 {[%clk 0:23:04]} Bxf5 {[%clk 0:51:52]} 18. exf5
{[%clk 0:23:27]} c4 {[%clk 0:52:18]} 19. Rae1 {[%clk 0:17:37]} Rab8
{[%clk 0:48:45]} 20. Re2 {[%clk 0:14:13]} Bc5 {[%clk 0:47:50]} 21. Ba4
{[%clk 0:07:37]} Re7 {[%clk 0:47:07]} 22. Rfe1 {[%clk 0:07:40]} Qxf5
{[%clk 0:21:16]} 23. Bxh6 {[%clk 0:07:49]} f6 {[%clk 0:21:32]} 24. Bc2
{[%clk 0:08:01]} Qh5 {[%clk 0:21:32]} 25. Bc1 {[%clk 0:07:47]} Rbe8
{[%clk 0:20:20]} 26. Kf1 {[%clk 0:07:45]} Kf7 {[%clk 0:15:24]} 27. Ba4
{[%clk 0:04:03]} c6 {[%clk 0:13:20]} 28. Bc2 {[%clk 0:04:28]} d5 {[%clk 0:13:09]}
29. f4 {[%clk 0:04:06]} Ng6 {[%clk 0:09:27]} 30. Bxg6+ {[%clk 0:02:01]} Qxg6
{[%clk 0:09:55]} 31. Rxe7+ {[%clk 0:02:19]} Rxe7 {[%clk 0:10:22]} 32. Rxe7+
{[%clk 0:02:37]} Bxe7 {[%clk 0:10:49]} 33. Qxg6+ {[%clk 0:02:53]} Kxg6
{[%clk 0:11:17]} 34. Ke2 {[%clk 0:02:52]} f5 {[%clk 0:08:43]} 35. Be3
{[%clk 0:03:10]} c5 {[%clk 0:07:23]} 36. Kf3 {[%clk 0:02:15]} Kf6
{[%clk 0:07:27]} 37. g4 {[%clk 0:01:41]} fxg4+ {[%clk 0:06:38]} 38. hxg4
{[%clk 0:01:20]} g6 {[%clk 0:07:03]} 39. Ke2 {[%clk 0:01:05]} Ke6
{[%clk 0:07:25]} 40. Kf3 {[%clk 0:31:22]} a6 {[%clk 0:37:39]} 41. Bf2
{[%clk 0:30:07]} Kd6 {[%clk 0:28:43]} 42. Bg3 {[%clk 0:29:34]} Ke6
{[%clk 0:27:43]} 43. Bf2 {[%clk 0:29:51]} Kd6 {[%clk 0:28:01]} 44. Bg3
{[%clk 0:30:14]} Ke6 {[%clk 0:28:25]} 45. Ke4 {[%clk 0:29:50]} Ke5+ 1/2-1/2

[Event "Team women final 2016"]
[Site "Sochi"]
[Date "2016.05.02"]
[Round "2.3"]
[White "Belenkaya, Dina"]
[Black "Kashlinskaya, Alina"]
[Result "0-1"]
[WhiteElo "2289"]
[BlackElo "2466"]
[PlyCount "60"]
[EventDate "2016.??.??"]
[WhiteTeam "SDUSSHOR"]
[BlackTeam "Legacy"]
[TimeControl "6000+1430"]
[WhiteClock "0:00:47"]
[BlackClock "0:07:16"]

1. e4 e6 2. d4 d5 3. Nd2 c5 4. exd5 Qxd5 5. dxc5 Bxc5 6. Ngf3 Nf6 7. Bd3 O-O 8.
Qe2 Nbd7 9. Ne4 b6 10. Nxc5 Nxc5 11. Bc4 Qc6 12. O-O Bb7 13. Rd1 a6 14. Qe1
Rfe8 15. Bf1 Ncd7 16. c4 e5 17. b3 Qc7 18. Qc3 Nc5 19. Bb2 Ng4 20. Nd2 Rad8 21.
h3 {[#]} Nxf2 22. Re1 (22. Kxf2 Rxd2+ 23. Rxd2 Ne4+) 22... Ncd3 23. Ba3 Qc6 24.
Re3 Qg6 25. Kh2 Qg5 26. Re2 Qf4+ 27. g3 Qh6 28. Bc1 Qc6 29. Ne4 Nxe4 30. Qc2
Nef2 0-1